Dávna minulosť na brehu Dunaja

Bibliographic Details
Main Author: Kuzma, Ivan, 1955-2013 (Author)
Format: Article
Language:Slovak
Subjects:

MARC

LEADER 00000nab a2200000 a 4500
001 vtls000210890
003 SK-MaSNL
005 20260303182910.0
008 111130c1985 xo 0 slo
015 |a SNBRB19rr/mm-uuuuu 
035 |a CL0221003 
040 |a SNKBUCL  |b slo  |c SNKBUCL  |e AACR2 
041 0 |a slo 
044 |a xo  |c SK 
080 |a 903  |2 1981 
100 1 |a Kuzma, Ivan,  |d 1955-2013  |4 aut  |9 8267 
245 1 0 |a Dávna minulosť na brehu Dunaja  |c Ivan Kuzma 
650 0 7 |a Čenkov (majer)  |2 snkbucl  |9 1211435 
650 0 7 |a archeologické nálezy  |2 snkbucl  |9 4975 
650 0 7 |a archeologické výskumy  |2 snkbucl  |9 74796 
651 7 |a 5205  |2 snkbucl  |9 276526 
655 7 |a články z novín a časopisov  |2 snkbucl  |9 267496 
773 0 |t Príroda a spoločnosť  |g Roč. 34, č. 3 (1985), s. 55-59 
850 |a Slovenská národná knižnica v Martine  |a MTA001 
852 |a SNK  |b KIS3GCP 
958 |a RK 
992 |a RBX 
999 |c 2118564  |d 2120494